The lives of Robert & Mary Moffat / (Record no. 216606)
[ view plain ]
| 000 -LEADER | |
|---|---|
| fixed length control field | 00753nam a22002297a 4500 |
| 005 - DATE AND TIME OF LATEST TRANSACTION | |
| control field | 20260415092254.0 |
| 008 - FIXED-LENGTH DATA ELEMENTS--GENERAL INFORMATION | |
| fixed length control field | 260415b |||||||| |||| 00| 0 eng d |
| 040 ## - CATALOGING SOURCE | |
| Original cataloging agency | LC |
| Transcribing agency | UNZA |
| Modifying agency | UNZA |
| Description conventions | RDA |
| 050 ## - LIBRARY OF CONGRESS CALL NUMBER | |
| Classification number | ZAMB BV 3557.M7 |
| Item number | MOF 1885 |
| 100 ## - MAIN ENTRY--PERSONAL NAME | |
| Personal name | Moffat, John Smith |
| Dates associated with a name | 1835-1918 |
| 245 ## - TITLE STATEMENT | |
| Title | The lives of Robert & Mary Moffat / |
| Statement of responsibility, etc. | their son, John S. Moffat. |
| 250 ## - EDITION STATEMENT | |
| Edition statement | Second edition. |
| 260 ## - PUBLICATION, DISTRIBUTION, ETC. | |
| Place of publication, distribution, etc. | London: |
| Name of publisher, distributor, etc. | T. Fisher Unwin, |
| Date of publication, distribution, etc. | 1885. |
| 300 ## - PHYSICAL DESCRIPTION | |
| Extent | xix, 484 pages: |
| Other physical details | illustrations, maps, ports. |
| 500 ## - GENERAL NOTE | |
| General note | With portraits and maps |
| 504 ## - BIBLIOGRAPHY, ETC. NOTE | |
| Bibliography, etc. note | Includes an index. |
| 650 ## - SUBJECT ADDED ENTRY--TOPICAL TERM | |
| Topical term or geographic name entry element | Moffat, Robert |
| Chronological subdivision | 1795-1883 |
| 650 ## - SUBJECT ADDED ENTRY--TOPICAL TERM | |
| Topical term or geographic name entry element | Moffat, Mary Smith |
| Chronological subdivision | 1795-1871 |
| 650 ## - SUBJECT ADDED ENTRY--TOPICAL TERM | |
| Topical term or geographic name entry element | Missions |
| Geographic subdivision | South Africa |
| 650 ## - SUBJECT ADDED ENTRY--TOPICAL TERM | |
| Topical term or geographic name entry element | South Africa |
| General subdivision | History |
| 942 ## - ADDED ENTRY ELEMENTS (KOHA) | |
| Koha item type | Zambian collection |
| 999 ## - | |
| -- | 216606 |
| -- | 216606 |
| Withdrawn status | Lost status | Source of classification or shelving scheme | Damaged status | Not for loan | Home library | Current library | Shelving location | Date acquired | Total Checkouts | Full call number | Barcode | Date last seen | Copy number | Price effective from | Koha item type |
|---|---|---|---|---|---|---|---|---|---|---|---|---|---|---|---|
| Library of Congress Classification | Main Library | Main Library | Special collections | 04/15/2026 | ZAMB BV 3557.M7 MOF 1885 | 33729001861694 | 04/15/2026 | C.1 | 04/15/2026 | Zambian collection | |||||
| Library of Congress Classification | Main Library | Main Library | Special collections | 04/15/2026 | ZAMB BV 3557.M7 MOF 1885 | 33729001861751 | 04/15/2026 | C.2 | 04/15/2026 | Zambian collection |